| 000 | 00524nam a2200169 4500 | ||
|---|---|---|---|
| 001 | 108519 | ||
| 003 | ES-MaACL | ||
| 005 | 20230906184645.0 | ||
| 007 | t| | ||
| 008 | 061121s1931 fr r ||||1| fre d | ||
| 100 | 1 |
_aMoniz, Egas. _982215 |
|
| 245 | 1 | 0 |
_aDiagnóstic des tumeurs cérébrales et apreuve de l'encephalographie arterielle / _cEgas Moniz; Préface de M. le Docteur Babinski. |
| 260 |
_aParís : _bLaval, _c1931. |
||
| 300 |
_a512 p. ; _c26 cm. |
||
| 700 | 1 |
_aBabinski, J. _924421 |
|
| 852 |
_aES-MaACL _jE-1000 |
||
| 999 |
_c108519 _d108519 |
||